[Event "NED-ch U12 op"]
[Site "Borne"]
[Date "2013.08.07"]
[Round "7"]
[White "Van Klaveren, Justus"]
[Black "Calje, Ming Dao"]
[Result "1-0"]
[WhiteElo "1454"]
[BlackElo "762"]
[PlyCount "63"]
[EventDate "2013.08.05"]
[EventType "swiss"]
[EventRounds "13"]
[EventCountry "NED"]
[SourceTitle "EXT 2015"]
[Source "ChessBase"]
[SourceDate "2014.11.20"]
[SourceVersion "1"]
[SourceVersionDate "2014.11.20"]
[SourceQuality "1"]

1. e4 d5 2. exd5 Qxd5 3. Nc3 Qd6 4. Nf3 Nf6 5. h3 Be6 6. d4 g6 7. Be2 Bg7 8. Be3 0-0 9. 0-0 c6 10. Qd2 Nbd7 11. a3 b5 12. Bf4 Ne5 13. dxe5 Qxd2 14. Nxd2 Nd7 15. Nf3 f6 16. exf6 Bxf6 17. Bg3 Bd5 18. Rad1 Bxf3 19. Bxf3 Ne5 20. Bxe5 Bxe5 21. Rfe1 Bf6 22. Rd7 a5 23. Bxc6 b4 24. axb4 Ra6 25. b5 Rb6 26. Nd5 Rbb8 27. Nxf6+ exf6 28. Ree7 Rfd8 29. Rg7+ Kh8 30. Rxh7+ Kg8 31. Bd5+ Kf8 32. Rh8# 1-0